000 00676cab a2200265 4500
001 WB2812-07
008 090401t1992 xxu||||| |||| 00| 0 eng d
035 _a(Sirsi) u59851
041 _aeng
245 _aLondon Docklands
260 _c1992
350 _a0
490 _aEvening Standard
_v16 March 1992 (LOAN)
520 _aSpecial feature on the Docklands as LDDC promotes the area with new confidence.
650 _aDOCKLANDS LIGHT RAILWAY
650 _aDOCKLANDS
650 _aLDDC
650 _aLONDON
650 _aOFFICES
650 _aRENTS
650 _aTRANSPORT
690 _aPROPERTY-COMMERCIAL PROPERTY
942 _n0
948 _c04/03/1997
999 _c36808
_d36808